01030 2200325 4500001002100000005001500021035002000036007000300056040001700059100002900076245017400105250001000279300003500289504003000324020002200354041000800376082001100384084001700395090002700412264005300439336002100492337003000513338002300543650002200566700002800588850001000616008004100626990001700667990002000684INLIS00000000000927320260422013715 a0010-1122000232ta aSBPUPADbind0 aSiti Fatimah;ePengarang1 aBagindo Azizchan, Seribu Sembilan Ratus sepuluh Sampai Seribu Sembilan Ratus Empat Puluh Tujuh :bPahlawan Nasional Dari Kota Padang /cSiti Fatimah; editor; Mestika Zed aCet.1 aiv, 222 hlm. :bilus. ;c15 cm abibiliografi, hlm 183-185 a978-979-3458-14-40 aind a928.71 a928.71 SIT b a928.71 SIT b L 25 R 12 aPadang; :bYayasan Citra Budaya Indonesia,c2007 2rdacontentateks 2rdamediaatanpa perantara 2rdacarrieravolume 4aSejarah Pahlawan; aMestika Zed;ePengarang aPUPAD260422 0  a6177/H/ARPUS a6176/H/ARPUS 07